| 000 | 00387nam a22001337a 4500 | ||
|---|---|---|---|
| 082 |
_a658.15 _bBRA _cL-27, P-84 |
||
| 100 |
_aBarish, Norman N. _944533 |
||
| 245 |
_aEconomic analysis/ _cBarish, Norman N. |
||
| 260 |
_aNew York, _bMcgraw-Hill book company. _c1962. |
||
| 300 |
_a729.: _bill,; _c15 cm. |
||
| 526 |
_a0 _b0 _c0 _d658_150000000000000_BRA |
||
| 650 |
_aMCE _9379 |
||
| 942 |
_2ddc _cBK |
||
| 999 |
_c548304 _d548304 |
||